History Quiz

Random History or Biography Quiz

Famous Russians: Author or Composer? Quiz Stats

 Plays Quiz Updated Aug 14, 2016

Also try: Russian Literature
Challenge
Share
Tweet
Embed
Score 0/30 Timer 05:00
1 Play Today
Person (A)uthor or (C)omposer? % Correct
Leo Tolstoy???
90.9%
Fyodor Dostoyevsky???
87.6%
Pyotr Tchaikovsky???
87.4%
Igor Stravinsky???
86.7%
Anton Chekhov???
86.5%
Vladimir Nabokov???
85.5%
Sergei Rachmaninoff???
85.4%
Alexander Pushkin???
84.3%
Nikolai Gogol???
81.4%
Maxim Gorky???
80.6%
Aleksandr Solzhenitsyn???
80.4%
Dmitri Shostakovich???
80.3%
Modest Mussorgsky???
79.8%
Sergei Prokofiev???
79.6%
Nikolai Rimsky-Korsakov???
79.2%
Person (A)uthor or (C)omposer? % Correct
Ivan Turgenev???
75.1%
Mikhaíl Bulgakov???
71.3%
Mikhail Lermontov???
68.8%
Ivan Bunin???
66.5%
Mikhail Sholokhov???
66.2%
Alexander Borodin???
65.9%
Sergei Yesenin???
64.5%
Mikhail Glinka???
63.2%
Alexander Scriabin???
61.8%
Alexander Blok???
61.5%
Vladimir Mayakovsky???
58.8%
Alexander Glazunov???
55.8%
Mily Balakirev???
55.1%
César Cui???
54.3%
Alfred Schnittke???
50.1%

You're not logged in!

Compare scores with friends on all Sporcle quizzes.
OR
Log In

You Might Also Like...

Show Comments

Extras

Top Quizzes Today


Score Distribution

Your Account Isn't Verified!

In order to create a playlist on Sporcle, you need to verify the email address you used during registration. Go to your Sporcle Settings to finish the process.

Report this User

Report this user for behavior that violates our Community Guidelines.

Details: